Essentials of pharmacokinetics and pharmacodynamics / (Record no. 294930)
[ view plain ]
| 000 -LEADER | |
|---|---|
| fixed length control field | 01904cam a2200385 i 4500 |
| 001 - CONTROL NUMBER | |
| control field | 18650396 |
| 003 - CONTROL NUMBER IDENTIFIER | |
| control field | PILC |
| 005 - DATE AND TIME OF LATEST TRANSACTION | |
| control field | 20160524092938.0 |
| 008 - FIXED-LENGTH DATA ELEMENTS--GENERAL INFORMATION | |
| fixed length control field | 150601s2016 paua 001 0 eng |
| 010 ## - LIBRARY OF CONGRESS CONTROL NUMBER | |
| LC control number | 2015021592 |
| 020 ## - INTERNATIONAL STANDARD BOOK NUMBER | |
| International Standard Book Number | 9781451194425 (pbk) |
| 035 ## - SYSTEM CONTROL NUMBER | |
| System control number | (DNLM)101659988 |
| 040 ## - CATALOGING SOURCE | |
| Original cataloging agency | DNLM/DLC |
| Transcribing agency | DLC |
| Description conventions | rda |
| Modifying agency | DLC |
| 042 ## - AUTHENTICATION CODE | |
| Authentication code | pcc |
| 050 00 - LIBRARY OF CONGRESS CALL NUMBER | |
| Classification number | RM 301.5 |
| Item number | .T93 2016 |
| 060 10 - NATIONAL LIBRARY OF MEDICINE CALL NUMBER | |
| Classification number | QV 38 |
| 082 00 - DEWEY DECIMAL CLASSIFICATION NUMBER | |
| Classification number | 615/.7 |
| 100 1# - MAIN ENTRY--PERSONAL NAME | |
| Personal name | Tozer, Thomas N., |
| Relator term | author. |
| 240 10 - UNIFORM TITLE | |
| Uniform title | <a href="Introduction to pharmacokinetics and pharmacodynamics">Introduction to pharmacokinetics and pharmacodynamics</a> |
| 245 10 - TITLE STATEMENT | |
| Title | Essentials of pharmacokinetics and pharmacodynamics / |
| Statement of responsibility, etc | Thomas N. Tozer, Malcolm Rowland. |
| 250 ## - EDITION STATEMENT | |
| Edition statement | 2nd edition. |
| 260 ## - PUBLICATION, DISTRIBUTION, ETC. (IMPRINT) | |
| Place of publication, distribution, etc | Philadelphia : |
| Name of publisher, distributor, etc | Wolters Kluwer, |
| Date of publication, distribution, etc | 2016. |
| 300 ## - PHYSICAL DESCRIPTION | |
| Extent | xii, 386 pages : |
| Other physical details | illustrations ; |
| Dimensions | 26 cm |
| 500 ## - GENERAL NOTE | |
| General note | Preceded by Introduction to pharmacokinetics and pharmacodynamics : the quantitative basis of drug therapy / Thomas N. Tozer, Malcolm Rowland. c2006. |
| 500 ## - GENERAL NOTE | |
| General note | Includes index. |
| 505 0# - FORMATTED CONTENTS NOTE | |
| Formatted contents note | Input-exposure relationships -- Exposure-response relationships -- Membranes : a determining factor -- Quantifying events following an intravenous bolus -- Physiologic and physicochemical determinants of distribution and elimination -- Quantifying events following an extravascular dose -- Physiologic and physicochemical determinants of drug absorption -- Response following a single dose -- Therapeutic window -- Constant-rate regimens -- Multiple-dose regimens -- Variability -- Initiating and managing therapy. |
| 650 12 - SUBJECT ADDED ENTRY--TOPICAL TERM | |
| Topical term or geographic name as entry element | Pharmacokinetics. |
| 650 22 - SUBJECT ADDED ENTRY--TOPICAL TERM | |
| Topical term or geographic name as entry element | Dose-Response Relationship, Drug. |
| 650 22 - SUBJECT ADDED ENTRY--TOPICAL TERM | |
| Topical term or geographic name as entry element | Drug Therapy |
| General subdivision | methods. |
| 650 22 - SUBJECT ADDED ENTRY--TOPICAL TERM | |
| Topical term or geographic name as entry element | Pharmaceutical Preparations |
| General subdivision | administration & dosage. |
| 700 1# - ADDED ENTRY--PERSONAL NAME | |
| Personal name | Rowland, Malcolm, |
| Relator term | author. |
| 906 ## - LOCAL DATA ELEMENT F, LDF (RLIN) | |
| a | 7 |
| b | cbc |
| c | orignew |
| d | 1 |
| e | ecip |
| f | 20 |
| g | y-gencatlg |
| 942 ## - ADDED ENTRY ELEMENTS (KOHA) | |
| Source of classification or shelving scheme | Library of Congress Classification |
| Koha item type | Books |
| Withdrawn status | Lost status | Source of classification or shelving scheme | Damaged status | Home library | Current library | Shelving location | Date acquired | Source of acquisition | Sub Shelving location | Total Checkouts | Full call number | Barcode | Date last seen | Price effective from | Koha item type |
|---|---|---|---|---|---|---|---|---|---|---|---|---|---|---|---|
| Library of Congress Classification | South SEED-LPDH College Library | South SEED-LPDH College Library | South SEED-LPDH College Section | 05/24/2016 | Library Fund | RM 301.5 .T93 2016 | SSLC1441 | 05/15/2018 | 05/24/2016 | Books |